000 00773nam a2200241Ia 4500
003 OSt
005 20220926001437.0
006 a|||||r|||| 00| 0
007 ta
008 220923b |||||||| |||| 00| 0 eng d
037 _cGeneral Book
040 _aRTL
_cRTL
_beng
041 _2eng
_aeng
082 _aX93.2.N82<N81t, M1/GD
110 _aINDIA, SHIPPING & TRANSPORT (Ministry of-)
_9303997
245 0 _aCommittee on public undertaking (1981-82)
_b Twenty-fifth report.
260 _a New Delhi
_bLok Sabha secretariat
_c1981
300 _avii,31p.
_ccm.
500 _aAppendix :25-31p.
700 _aINDIA, SHIPPING & TRANSPORT (Ministry of-)
_9303998
942 _hX93.2.N82<N81t, M1/GD
_cGB
_2CC
999 _c601576
_d601576